[Event "I Miedzynarodowy Memorial Ireny Warakomskiej - Open B"]
[Site "Suwalki"]
[Date "2017-08-13"]
[Round "4.27"]
[White "Semczuk, Jerzy "]
[Black "Lada, Michal "]
[Result "1/2-1/2"]
[WhiteTitle ""]
[BlackTitle ""]
[WhiteElo "1989"]
[BlackElo "1875"]

1. e4 c6 2. d4 d5 3. exd5 cxd5 4. c4 Nf6 5. Nc3 e6 6. Nf3 Nc6 7. c5 Bd7 8. a3 e5
9. dxe5 Ne4 10. Nxd5 Bxc5 11. Be3 Bxe3 12. Nxe3 Nxe5 13. Be2 Ng6 14. Qd4 Nf6 15.
Qb4 a5 16. Qd6 Qe7 17. Qxe7+ Nxe7 18. Ne5 O-O 19. Nxd7 Nxd7 20. O-O Ne5 21. Rfd1
Rfd8 22. Nc4 Nxc4 23. Bxc4 Ng6 24. Kf1 Rac8 25. Rxd8+ Rxd8 1/2-1/2

[Event "I Miedzynarodowy Memorial Ireny Warakomskiej - Open B"]
[Site "Suwalki"]
[Date "2017-08-13"]
[Round "4.28"]
[White "Karlov, Egor "]
[Black "Budnik, Mateusz"]
[Result "1/2-1/2"]
[WhiteTitle ""]
[BlackTitle ""]
[WhiteElo "1724"]
[BlackElo "1987"]

1. d4 f5 2. c4 Nf6 3. Nc3 e6 4. e3 Bb4 5. Bd3 O-O 6. Bd2 b6 7. Nf3 Bb7 8. O-O d6
9. a3 Bxc3 10. Bxc3 Ne4 11. Be2 Nd7 12. Qc2 Ndf6 13. Bb4 a5 14. Bd2 Qe8 15. b4
Qg6 16. c5 Nxd2 17. Qxd2 Ne4 18. Qc2 Bd5 19. Bc4 Bb7 20. Be2 Bd5 21. Bc4 Bc6 22.
Be2 bxc5 23. bxc5 Rac8 24. Rfc1 Ng5 25. Qd1 f4 26. Nxg5 Qxg5 27. Bf3 d5 28. exf4
Rxf4 29. Qd3 Rcf8 30. Kh1 Qf6 31. Rd1 Ba4 32. Rd2 c6 33. Re1 Rb8 34. Qc3 Rb5 35.
h3 g6 36. Re5 Rb1+ 37. Kh2 Rb3 38. Qxa5 Rxa3 39. Qa8+ Kg7 40. Qb7+ Kh6 41. Qb4
Ra1 42. Qc3 Rb1 43. Qe3 Rb3 44. Rd3 Rxd3 45. Qxd3 Kg7 46. Qe2 1/2-1/2

[Event "I Miedzynarodowy Memorial Ireny Warakomskiej - Open B"]
[Site "Suwalki"]
[Date "2017-08-13"]
[Round "4.29"]
[White "Murawko, Katarzyna "]
[Black "Hasinski, Krystian "]
[Result "1-0"]
[WhiteTitle ""]
[BlackTitle ""]
[WhiteElo "1967"]
[BlackElo "1904"]

1. e4 g6 2. d4 Bg7 3. Nc3 d6 4. Be3 e5 5. dxe5 Bxe5 6. Qd2 Bg7 7. O-O-O Nc6 8.
f4 Nge7 9. Nf3 Bg4 10. Be2 Qd7 11. h3 Bxf3 12. Bxf3 O-O-O 13. Nd5 Kb8 14. Rhe1
f5 15. Nxe7 Nxe7 16. Qb4 fxe4 17. Bxe4 Nc6 18. Qa3 a6 19. Rd3 Rhe8 20. Rb3 Ka8
21. Bd3 Nb8 22. Bb5 c6 23. Be2 Re7 24. Rd1 c5 25. Bf3 Qc8 26. Rb6 Ka7 27. Rbxd6
Rxd6 28. Bxc5+ Ka8 29. Rxd6 Re6 30. Bxb7+ Kxb7 31. Qb3+ Ka8 32. Qd5+ Nc6 33. Rxe6
1-0

[Event "I Miedzynarodowy Memorial Ireny Warakomskiej - Open B"]
[Site "Suwalki"]
[Date "2017-08-13"]
[Round "4.30"]
[White "Kaczmarek, Arkadiusz "]
[Black "Pytel, Maciej"]
[Result "1/2-1/2"]
[WhiteTitle ""]
[BlackTitle ""]
[WhiteElo "1935"]
[BlackElo "1967"]

1. d4 f5 2. c4 Nf6 3. Nc3 g6 4. Nf3 Bg7 5. g3 O-O 6. Bg2 d6 7. O-O c6 8. b3 Qa5
9. Bd2 Qc7 10. d5 Na6 11. Rc1 Nc5 12. Be3 Nce4 13. Nxe4 fxe4 14. Ng5 cxd5 15.
cxd5 Qa5 16. Nxe4 Nxd5 17. Qxd5+ Qxd5 18. Nf6+ Bxf6 19. Bxd5+ e6 20. Rxc8 Rfxc8
21. Bxe6+ Kf8 22. Bxc8 Rxc8 23. Rc1 Rxc1+ 24. Bxc1 Ke7 25. e4 Ke6 26. Be3 a6 27.
Kf1 Ke5 28. f3 d5 29. Ke2 b5 30. exd5 Kxd5 31. Kd3 h5 32. h3 a5 33. a4 bxa4 34.
bxa4 Bd8 35. f4 Bc7 36. g4 hxg4 37. hxg4 Bd6 38. Bd2 Bc7 39. Be3 Bd6 40. Bd2 Bc7
41. Bc3 Bd8 42. f5 gxf5 43. gxf5 Kc5 44. Kc2 Kc4 45. Kb2 Kc5 46. Kb3 Kd5 47. Bb2
Be7 48. Bc3 Bd8 49. Kb2 Ke4 50. f6 Bxf6 51. Bxf6 Ke5 1/2-1/2

[Event "I Miedzynarodowy Memorial Ireny Warakomskiej - Open B"]
[Site "Suwalki"]
[Date "2017-08-13"]
[Round "4.31"]
[White "Golecki, Jan "]
[Black "Koloczek, Maciej "]
[Result "0-1"]
[WhiteTitle ""]
[BlackTitle ""]
[WhiteElo "1957"]
[BlackElo "1764"]

1. d4 Nf6 2. Nc3 e6 3. Bg5 d5 4. e4 dxe4 5. Nxe4 Be7 6. Bxf6 gxf6 7. Nf3 f5 8.
Ng3 c5 9. dxc5 Qa5+ 10. c3 Qxc5 11. Qd4 Rg8 12. Qxc5 Bxc5 13. Ne5 Ke7 14. Be2
Nd7 15. Nd3 Bd6 16. f4 Nc5 17. Nxc5 Bxc5 18. Bf3 Rb8 19. Ne2 f6 20. O-O-O e5 21.
g3 Be6 22. b3 b6 23. Bd5 Rgd8 24. Bxe6 Kxe6 25. Kc2 h5 26. b4 Be3 27. Rd3 Rxd3
28. Kxd3 Bf2 29. Rf1 Rd8+ 30. Kc4 Be3 31. Rf3 Bd2 32. Rd3 Rxd3 33. Kxd3 Be1 34.
a3 Kd5 35. c4+ Kd6 36. Ng1 a5 37. Nf3 e4+ 38. Ke2 Bxb4 39. Nd4 Bxa3 40. Nb5+ Kc5
41. Nxa3 Kb4 42. Nc2+ Kxc4 43. Kd2 a4 44. Ne3+ Kb3 45. Kc1 a3 46. Kb1 b5 47. Nxf5
b4 48. Ne3 Kc3 49. h4 b3 50. Nf5 b2 51. Ne3 Kb3 0-1

[Event "I Miedzynarodowy Memorial Ireny Warakomskiej - Open B"]
[Site "Suwalki"]
[Date "2017-08-13"]
[Round "4.32"]
[White "Choinska, Debora "]
[Black "Belczewski, Jacek"]
[Result "0-1"]
[WhiteTitle ""]
[BlackTitle ""]
[WhiteElo "1600"]
[BlackElo "1949"]

1. e4 e6 2. d4 b6 3. Nd2 Bb7 4. Bd3 Ne7 5. Ne2 g6 6. Nf3 Bg7 7. Ng3 d6 8. c3 Nd7
9. Bg5 h6 10. Be3 Nf6 11. Qd2 Ng4 12. h3 Nxe3 13. Qxe3 O-O 14. O-O c5 15. dxc5
bxc5 16. Rad1 Qb6 17. Qd2 Rfd8 18. Qc2 Rac8 19. c4 Nc6 20. Qe2 Ba6 21. b3 Nb4
22. Bb1 d5 23. e5 Nc6 24. Rfe1 Na5 25. Bd3 dxc4 26. bxc4 Qb4 27. Rc1 Nc6 28. Qc2
Qa5 29. Qe2 Nd4 30. Nxd4 Rxd4 31. Red1 Rcd8 32. Rc2 Qc7 33. Rcd2 Qxe5 34. Qxe5
Bxe5 35. Ne4 Bf4 36. Rb2 Rxe4 37. g3 Be5 38. Re2 Rxd3 39. Rxd3 Rxe2 40. Rd8+ Kg7
41. Ra8 Re1+ 42. Kh2 Bb7 43. Rxa7 Rh1# 0-1

[Event "I Miedzynarodowy Memorial Ireny Warakomskiej - Open B"]
[Site "Suwalki"]
[Date "2017-08-13"]
[Round "4.33"]
[White "Szolc, Grzegorz"]
[Black "Kupsik, Joanna "]
[Result "1-0"]
[WhiteTitle ""]
[BlackTitle ""]
[WhiteElo "1945"]
[BlackElo "1703"]

1. d4 d5 2. Bf4 Nf6 3. e3 Bf5 4. c4 e6 5. Qb3 b6 6. Nc3 Bd6 7. Bg5 c6 8. Nf3 O-O
9. Be2 Nbd7 10. Rc1 Rc8 11. O-O Qe8 12. Nh4 Ne4 13. Nxf5 exf5 14. Nxe4 dxe4 15.
Rfd1 Qe6 16. c5 Qxb3 17. axb3 Bb8 18. Ba6 b5 19. Bxc8 Rxc8 20. d5 f6 21. Bf4 Ne5
22. Bxe5 Bxe5 23. Rc2 Kf8 24. d6 Rd8 25. Ra1 Rd7 26. Ra6 Ke8 27. Rxc6 Kd8 28.
Kf1 f4 29. exf4 Bxf4 30. g3 Be5 31. b4 g5 32. Re2 f5 33. f3 Bd4 34. fxe4 fxe4
35. Rc7 Rxc7 36. dxc7+ Kxc7 37. Rxe4 Bxb2 38. Ke2 a5 39. bxa5 Ba3 40. Re5 h6 41.
Kd3 Bb4 42. a6 Kb8 43. c6 Bd6 44. Rd5 1-0

[Event "I Miedzynarodowy Memorial Ireny Warakomskiej - Open B"]
[Site "Suwalki"]
[Date "2017-08-13"]
[Round "4.34"]
[White "Matuszczyk, Mateusz"]
[Black "Czaplewska, Klara"]
[Result "0-1"]
[WhiteTitle ""]
[BlackTitle ""]
[WhiteElo "1666"]
[BlackElo "1934"]

1. e4 e5 2. Nf3 Nc6 3. Bc4 Bc5 4. d3 Nf6 5. c3 d6 6. a4 a6 7. h3 O-O 8. Bg5 Be6
9. Nbd2 h6 10. Bh4 Qe7 11. O-O Rad8 12. b4 Bb6 13. b5 Na5 14. Bxe6 fxe6 15. d4
exd4 16. cxd4 g5 17. Bg3 Nh5 18. bxa6 bxa6 19. Nb3 Nc6 20. a5 Ba7 21. Ne5 dxe5
22. Qxh5 Qg7 23. Rac1 Nxd4 24. Nxd4 Bxd4 25. Rc6 Rd6 26. Rfc1 Rxc6 27. Rxc6 Qf6
28. Qe2 h5 29. Qa2 h4 30. Rxe6 Qf7 31. Bh2 Qxf2+ 32. Qxf2 Rxf2 33. Bxe5 Rf6+ 34.
Bxd4 Rxe6 35. e5 Kf7 36. g3 hxg3 37. Kg2 Kg6 38. Kxg3 Kf5 39. Kf3 Rh6 40. Kg3
Rh4 41. Bc3 Rc4 42. Bd2 Rc5 43. h4 gxh4+ 44. Kxh4 Rxe5 0-1

[Event "I Miedzynarodowy Memorial Ireny Warakomskiej - Open B"]
[Site "Suwalki"]
[Date "2017-08-13"]
[Round "4.36"]
[White "Beczala, Pawel "]
[Black "Fronczak, Sebastian"]
[Result "0-1"]
[WhiteTitle ""]
[BlackTitle ""]
[WhiteElo "1789"]
[BlackElo "1926"]

1. e4 e6 2. d4 d5 3. e5 c5 4. c3 Nc6 5. Nf3 Qb6 6. Bd3 Bd7 7. Bc2 Rc8 8. a3 cxd4
9. cxd4 Na5 10. O-O Ne7 11. Nc3 Ng6 12. Rb1 Be7 13. Bg5 Nc4 14. Bxe7 Nxe7 15.
Na4 Qc7 16. Nc5 Nc6 17. Nxd7 Qxd7 18. Qd3 b5 19. Nd2 Nxd2 20. Qxd2 Nxd4 21. Qxd4
Rxc2 22. Rbc1 Rc4 23. Rxc4 bxc4 24. Rc1 Qb5 25. Qxa7 O-O 26. Qd4 Rb8 27. Rc2 Qb3
28. Qd2 g6 29. g3 d4 30. Kg2 d3 31. Rc3 Qa2 32. Qc1 Rxb2 33. Qf4 d2 34. Rf3 Rb7
35. Qd4 h6 36. Qd8+ Kg7 37. Rc3 Rc7 38. Rf3 Rb7 39. Rc3 Ra7 40. Qd4 Rxa3 41. Rxa3
Qxa3 42. Qxd2 c3 43. Qd8 Qc5 44. Qf6+ Kg8 45. Qd8+ Kh7 46. Qf6 Qc7 47. Qf4 c2
48. Qc1 Qc4 49. h3 0-1

[Event "I Miedzynarodowy Memorial Ireny Warakomskiej - Open B"]
[Site "Suwalki"]
[Date "2017-08-13"]
[Round "4.37"]
[White "Ziemski, Przemyslaw"]
[Black "Hagner, Pawel"]
[Result "0-1"]
[WhiteTitle ""]
[BlackTitle ""]
[WhiteElo "1902"]
[BlackElo "1709"]

1. e4 d6 2. c4 Nf6 3. Nc3 g6 4. g3 Bg7 5. Bg2 O-O 6. Nge2 Nc6 7. O-O a6 8. d4 Rb8
9. Rb1 Bd7 10. a4 Na5 11. Qd3 c5 12. d5 Qc7 13. f4 b5 14. axb5 axb5 15. cxb5 c4
16. Qf3 Bxb5 17. Nd4 Bd7 18. Be3 Ng4 19. Rfd1 Nxe3 20. Qxe3 Qc5 21. Bf1 Rb3 22.
Kf2 Rb7 23. Nc2 Qxe3+ 24. Nxe3 Rfb8 25. Rbc1 Rxb2+ 26. Ne2 c3 27. Kf3 Nb3 28.
Rxc3 Bxc3 29. Nxc3 Nd2+ 0-1

[Event "I Miedzynarodowy Memorial Ireny Warakomskiej - Open B"]
[Site "Suwalki"]
[Date "2017-08-13"]
[Round "4.38"]
[White "Chin, Shun Yi"]
[Black "Wierzbicki, Michal "]
[Result "0-1"]
[WhiteTitle ""]
[BlackTitle ""]
[WhiteElo "1521"]
[BlackElo "1890"]

1. e4 e6 2. d4 d5 3. exd5 exd5 4. Bd3 Bd6 5. Nf3 Ne7 6. c3 Bg4 7. Bg5 f6 8. Bh4
Nbc6 9. Bg3 Qd7 10. Bxd6 Qxd6 11. O-O O-O 12. Nbd2 f5 13. Qc2 Rf6 14. Rfe1 Ng6
15. h3 Bxf3 16. Nxf3 Raf8 17. Re3 Nf4 18. Ne5 Nd8 19. b4 Nde6 20. Bf1 Ng5 21.
a4 Ng6 22. a5 f4 23. Ree1 f3 24. g3 Ne4 25. Nxg6 Rxg6 26. Rxe4 dxe4 27. Qxe4 c6
28. Bc4+ Kh8 29. Kh2 Rgf6 30. Bd3 g6 31. Re1 Qd5 32. Qh4 Re6 33. Qh6 Rfe8 34.
Rxe6 Qxe6 35. Qf4 Kg7 36. Qxf3 Rf8 37. Qg2 Qe1 38. f4 Re8 39. h4 Qxc3 40. Qf3
Qd2+ 41. Kh3 Re3 42. Qg4 Qxd3 43. Qd7+ Kf8 44. Qd6+ Kf7 45. Qd7+ Re7 46. Qd6 h5
47. b5 Qf5+ 48. Kh2 Re2+ 0-1

[Event "I Miedzynarodowy Memorial Ireny Warakomskiej - Open B"]
[Site "Suwalki"]
[Date "2017-08-13"]
[Round "4.39"]
[White "Kalejta, Arkadiusz "]
[Black "Norek, Bartosz "]
[Result "0-1"]
[WhiteTitle ""]
[BlackTitle ""]
[WhiteElo "1677"]
[BlackElo "1799"]

1. e4 c5 2. Nf3 d6 3. d4 cxd4 4. Nxd4 Nf6 5. Nc3 a6 6. Bg5 e6 7. f4 Be7 8. Qf3
h6 9. Bh4 Qc7 10. O-O-O Nbd7 11. g4 g5 12. Bg3 gxf4 13. Bh4 Ne5 14. Qxf4 Ng6 15.
Qg3 Nxh4 16. Qxh4 Nxe4 17. Qe1 Nxc3 18. bxc3 Qb6 19. Nb3 a5 20. h4 e5 21. Qe4
a4 22. Nd2 Be6 23. Nc4 Qc7 24. Rh3 h5 25. Rg3 hxg4 26. Rxg4 f5 27. Qd3 fxg4 28.
Qg6+ Bf7 29. Qxg4 Rxh4 30. Nxd6+ Qxd6 0-1

[Event "I Miedzynarodowy Memorial Ireny Warakomskiej - Open B"]
[Site "Suwalki"]
[Date "2017-08-13"]
[Round "4.40"]
[White "Ziemski, Jaroslaw"]
[Black "Huchwajda, Grzegorz"]
[Result "1-0"]
[WhiteTitle ""]
[BlackTitle ""]
[WhiteElo "1668"]
[BlackElo "1566"]

1. e4 c5 2. Nc3 Nc6 3. g3 g6 4. f4 e6 5. Bg2 Bg7 6. Nf3 Nge7 7. O-O O-O 8. d3 d6
9. g4 Nd4 10. Be3 Nec6 11. Bf2 f5 12. gxf5 exf5 13. Nd5 Be6 14. c3 Nxf3+ 15. Qxf3
Qd7 16. h4 Bh6 17. Bh3 Rae8 18. h5 Qf7 19. hxg6 hxg6 20. Rae1 fxe4 21. dxe4 Ne5
22. Qg2 Bxf4 23. Bg3 Bxh3 24. Qxh3 g5 25. Bxf4 gxf4 26. Rxf4 Qg7+ 27. Kh1 Rxf4
28. Nxf4 Kf7 29. Rg1 Qf8 30. Qh7+ Kf6 31. Nd5+ 1-0